000 00869nam a2200205Ia 4500
999 _c36226
_d36226
001 2129
003 GE_BSU
005 20190523190157.0
008 181216s||||||||xx |||||||||||||| ||und||
040 _cGE_BSU
041 _ageo
080 _a94(479.22) ჯ–18
100 _aჯავახიშვილი, ივანე
_91552
245 _bმოკლე მიმოხილვა /
_aსაქართველოს ისტორია (XI-XV საუკუნეები) :
_cივანე ჯავახიშვილი.
264 _aთბილისი :
_bსახელგამი,
_c1949.
300 _a280 გვ. :
_bილ. ,
_c23 სმ.
504 _a დანართი: ქრონოლოგია, გვ. 271-279.
653 _aსაქართველოს ისტორია XI-XV სს.;
942 _cBK
_2udc